[Event "LGA Premium Cup"]
[Site "schach.lga.de"]
[Date "2004.09.11"]
[Round "2"]
[White "Süß, Stefan"]
[Black "FM Zesch, Ludwig"]
[Result "0-1"]
[WhiteElo "2041"]
[BlackElo "2308"]
[PlyCount "64"]
[EventDate "2004.09.11"]
[SourceDate "2004.09.10"]

1. e4 c5 2. Nf3 e6 3. d4 cxd4 4. Nxd4 Nf6 5. Bd3 a6 6. O-O d6 7. c4 Be7 8. Kh1
Qc7 9. f4 Nbd7 10. Qe2 b6 11. b3 Bb7 12. Nd2 h5 13. Bb2 h4 14. Rac1 Nh5 15. b4
Rh6 16. Qe3 O-O-O 17. Kg1 Rdh8 18. Nb5 Qd8 19. c5 dxc5 20. Na3 g5 21. f5 Nf4
22. Nf3 Nxd3 23. Qxd3 g4 24. Ne5 Nxe5 25. Qxd8+ Rxd8 26. Bxe5 Bxe4 27. fxe6
Rxe6 28. Bf4 h3 29. g3 Kb7 30. Rfe1 Bc6 31. Rxe6 fxe6 32. Re1 cxb4 0-1

[Event "LGA Premium Cup"]
[Site "schach.lga.de"]
[Date "2004.09.11"]
[Round "2"]
[White "FM Heimrath, Rainer"]
[Black "Kaspar, Willi"]
[Result "1-0"]
[WhiteElo "2293"]
[BlackElo "2035"]
[PlyCount "91"]
[EventDate "2004.09.11"]
[SourceDate "2004.09.10"]

1. e4 e5 2. Nf3 d6 3. d4 exd4 4. Nxd4 Nf6 5. Nc3 Be7 6. Be2 O-O 7. O-O Bd7 8.
f4 Nc6 9. Bf3 Qc8 10. h3 Rd8 11. Nde2 a5 12. a3 Rb8 13. Be3 Bf8 14. Qd2 b5 15.
Nd5 Ne8 16. Bf2 b4 17. b3 Ne7 18. Bh4 f6 19. axb4 Nxd5 20. Qxd5+ Be6 21. Qxa5
Qb7 22. Nd4 Bf7 23. e5 d5 24. c3 c6 25. Qa6 c5 26. Nc6 Qxa6 27. Rxa6 cxb4 28.
cxb4 Bxb4 29. e6 Bg6 30. e7 Rdc8 31. Bxd5+ Bf7 32. Bxf7+ Kxf7 33. Nxb8 Rxb8 34.
Bf2 Kxe7 35. Ra7+ Ke6 36. Ra6+ Kd5 37. Rd1+ Ke4 38. Rd4+ Kf5 39. g4+ Kg6 40.
f5+ Kh6 41. Be3+ g5 42. Rd7 Nd6 43. Raa7 Nb7 44. Raxb7 Be7 45. Rxb8 Bc5 46.
Rxh7+ 1-0

[Event "LGA Premium Cup"]
[Site "schach.lga.de"]
[Date "2004.09.11"]
[Round "2"]
[White "Kirch, Daniel"]
[Black "FM Eppinger, Georg"]
[Result "1/2-1/2"]
[WhiteElo "2016"]
[BlackElo "2290"]
[PlyCount "33"]
[EventDate "2004.09.11"]
[SourceDate "2004.09.10"]

1. d4 Nf6 2. c4 c5 3. d5 g6 4. Nc3 Bg7 5. e4 O-O 6. Nf3 d6 7. Be2 e6 8. Bg5 h6
9. Be3 Ng4 10. Bf4 e5 11. Bg3 f5 12. Nh4 Qg5 13. Nf3 Qe7 14. Nh4 Qg5 15. Nf3
Qe7 16. Nh4 Qg5 17. Nf3 1/2-1/2

[Event "LGA Premium Cup"]
[Site "schach.lga.de"]
[Date "2004.09.11"]
[Round "2"]
[White "FM Seyb, Dieter"]
[Black "Horstmann, Uwe"]
[Result "1-0"]
[WhiteElo "2285"]
[BlackElo "2006"]
[PlyCount "41"]
[EventDate "2004.09.11"]
[SourceDate "2004.09.10"]

1. e4 c5 2. Nf3 Nc6 3. d4 cxd4 4. Nxd4 g6 5. Nc3 Bg7 6. Be3 Nf6 7. Bc4 O-O 8.
Bb3 Qa5 9. f3 Qb6 10. Nf5 Qa5 11. Nxg7 Kxg7 12. Qd2 Rd8 13. O-O-O b5 14. Bh6+
Kh8 15. h4 Ng8 16. h5 b4 17. hxg6 fxg6 18. Nd5 e6 19. Qf4 d6 20. Qf7 Rd7 21.
Bg7# 1-0

[Event "LGA Premium Cup"]
[Site "schach.lga.de"]
[Date "2004.09.11"]
[Round "2"]
[White "Thürauf, Peter"]
[Black "Kordts, Wolfgang"]
[Result "0-1"]
[WhiteElo "1999"]
[BlackElo "2266"]
[PlyCount "60"]
[EventDate "2004.09.11"]
[SourceDate "2004.09.10"]

1. d4 Nf6 2. Nf3 e6 3. c4 b6 4. g3 Bb7 5. Bg2 Be7 6. Nc3 O-O 7. O-O d5 8. cxd5
exd5 9. Bg5 Na6 10. Bxf6 Bxf6 11. e3 c5 12. Qa4 Nc7 13. Rfd1 c4 14. Qc2 b5 15.
e4 dxe4 16. Nxe4 Nd5 17. Nc5 Bc6 18. Ne5 Nb4 19. Qc3 Bxg2 20. Kxg2 Qd5+ 21. Qf3
Rfd8 22. Nb7 Qxf3+ 23. Kxf3 Rxd4 24. Rxd4 Nc2 25. Re4 Nxa1 26. Nc6 Bxb2 27.
Nbd8 h6 28. Ne7+ Kh7 29. Nxf7 c3 30. Rh4 Rf8 0-1

[Event "LGA Premium Cup"]
[Site "schach.lga.de"]
[Date "2004.09.11"]
[Round "2"]
[White "Koch, Moritz"]
[Black "Luther, Helmuth"]
[Result "1-0"]
[WhiteElo "2244"]
[BlackElo "1999"]
[PlyCount "35"]
[EventDate "2004.09.11"]
[SourceDate "2004.09.10"]

1. e4 d5 2. exd5 Qxd5 3. Nc3 Qa5 4. d4 c6 5. Bc4 Bf5 6. Bd2 e6 7. Qe2 Bb4 8. g4
Bxc2 9. Rc1 Bg6 10. a3 Bxc3 11. Bxc3 Qg5 12. Rd1 h5 13. d5 cxd5 14. Bxd5 Nc6
15. Nf3 Qd8 16. Bxc6+ bxc6 17. Ne5 Nf6 18. Bb4 1-0

[Event "LGA Premium Cup"]
[Site "schach.lga.de"]
[Date "2004.09.11"]
[Round "2"]
[White "Hepting, Heinrich"]
[Black "Seyb, Alexander"]
[Result "1-0"]
[WhiteElo "2206"]
[BlackElo "1973"]
[PlyCount "65"]
[EventDate "2004.09.11"]
[SourceDate "2004.09.10"]

1. b4 e5 2. Bb2 Bxb4 3. Bxe5 Nf6 4. Nf3 Nc6 5. Bb2 d5 6. e3 O-O 7. c4 Bf5 8. a3
Ba5 9. Be2 Ne4 10. O-O dxc4 11. Bxc4 Qd6 12. Be2 Rad8 13. d3 Nc5 14. d4 Qe6 15.
Nfd2 Nd3 16. Bc3 Rfe8 17. Bf3 Bb6 18. Qb3 Qh6 19. Nc4 Be6 20. Nbd2 Ne7 21. Qc2
Bxc4 22. Nxc4 Qg6 23. Ra2 c5 24. Be2 Nf4 25. exf4 Qxc2 26. Rxc2 cxd4 27. Nxb6
axb6 28. Bb5 dxc3 29. Bxe8 Rxe8 30. Re1 Rd8 31. Rxc3 f5 32. g3 Nd5 33. Rd3 1-0

[Event "LGA Premium Cup"]
[Site "schach.lga.de"]
[Date "2004.09.11"]
[Round "2"]
[White "Redzepovic, Irfan"]
[Black "Stadler, Simon"]
[Result "1-0"]
[WhiteElo "1926"]
[BlackElo "2179"]
[PlyCount "80"]
[EventDate "2004.09.11"]
[SourceDate "2004.09.10"]

1. e4 c5 2. Nf3 e6 3. d4 cxd4 4. Nxd4 Bc5 5. Nb3 Bb6 6. Nc3 Ne7 7. Bg5 O-O 8.
Qh5 Nbc6 9. Bd3 f6 10. Bh4 a5 11. a4 Nb4 12. O-O-O Bc7 13. Bg3 Nxd3+ 14. Rxd3
g6 15. Qh6 d5 16. Rhd1 Bxg3 17. hxg3 Qc7 18. Rh1 Rf7 19. g4 Bd7 20. Rdh3 g5 21.
g3 Rc8 22. Nd4 e5 23. Nxd5 Nxd5 24. Qg6+ Rg7 25. Qxg7+ Kxg7 26. Rxh7+ Kf8 27.
Rh8+ Ke7 28. R8h7+ Kd6 29. Nb5+ Bxb5 30. Rxc7 Nxc7 31. axb5 Nxb5 32. Rd1+ Ke6
33. Rd5 Nd6 34. f3 b6 35. b3 Rc5 36. Rd1 Rc3 37. Rf1 b5 38. Rf2 b4 39. Kd1 Nb5
40. f4 Rxg3 1-0

[Event "LGA Premium Cup"]
[Site "schach.lga.de"]
[Date "2004.09.11"]
[Round "2"]
[White "Brem, Stephan"]
[Black "Kirch, Florian"]
[Result "1-0"]
[WhiteElo "2158"]
[BlackElo "2016"]
[PlyCount "84"]
[EventDate "2004.09.11"]
[SourceDate "2004.09.10"]

1. Nc3 g6 2. e4 Bg7 3. f4 d6 4. Nf3 Nf6 5. g3 O-O 6. Bg2 Nc6 7. O-O e5 8. d3
Be6 9. f5 gxf5 10. exf5 Bxf5 11. Nxe5 Nd4 12. Nf3 Bg4 13. Be3 Nd7 14. Qd2 Nxf3+
15. Bxf3 Bxf3 16. Rxf3 Ne5 17. Rff1 Ng4 18. Bg5 Qd7 19. d4 h6 20. Bf4 Rae8 21.
h3 Nf6 22. Kg2 Ne4 23. Nxe4 Rxe4 24. c3 Rfe8 25. Rf2 Qe6 26. d5 Qg6 27. Rg1 Kh7
28. Rgf1 Kg8 29. g4 h5 30. g5 h4 31. Kh1 Be5 32. Bxe5 R4xe5 33. Rxf7 Qxf7 34.
Rxf7 Kxf7 35. Qf4+ Ke7 36. Qxh4 Kd7 37. Qg4+ Kd8 38. g6 Re1+ 39. Kg2 R1e2+ 40.
Kf1 Rxb2 41. g7 Rg8 42. Qg5+ Kc8 1-0

[Event "LGA Premium Cup"]
[Site "schach.lga.de"]
[Date "2004.09.11"]
[Round "2"]
[White "Steppuhn, Thomas"]
[Black "Reiser, Wolfgang"]
[Result "1-0"]
[WhiteElo "2151"]
[BlackElo "2061"]
[PlyCount "85"]
[EventDate "2004.09.11"]
[SourceDate "2004.09.10"]

1. d4 d5 2. Nf3 c5 3. e3 Nf6 4. Nbd2 e6 5. b3 cxd4 6. exd4 Bb4 7. Bb2 Qa5 8. c4
dxc4 9. Bxc4 O-O 10. O-O Rd8 11. Qe2 Bxd2 12. Nxd2 Nbd7 13. f4 Nb6 14. Bd3 Qh5
15. Rf3 Nbd5 16. Raf1 Ne7 17. Ne4 Nxe4 18. Qxe4 g6 19. Bc4 Nd5 20. Qe5 Qf5 21.
Bd3 Qf6 22. g4 Bd7 23. f5 Qxe5 24. dxe5 exf5 25. gxf5 Be8 26. Bc4 Bc6 27. fxg6
fxg6 28. Ba3 Re8 29. Re1 Kg7 30. e6 Ne7 31. Rf7+ Kg8 32. Rxe7 b5 33. Rxe8+ Rxe8
34. Bd3 Kg7 35. e7 a5 36. Bd6 Kf7 37. Bf1 a4 38. Bh3 axb3 39. axb3 Bd5 40. Bg2
Bxg2 41. Kxg2 Rc8 42. Re3 Ke8 43. b4 1-0

[Event "LGA Premium Cup"]
[Site "schach.lga.de"]
[Date "2004.09.11"]
[Round "2"]
[White "Lodes, Hermann"]
[Black "Sippl, Martin"]
[Result "1-0"]
[WhiteElo "2079"]
[BlackElo "2098"]
[PlyCount "118"]
[EventDate "2004.09.11"]
[SourceDate "2004.09.10"]

1. e4 d6 2. d4 Nf6 3. Nc3 c6 4. a4 Nbd7 5. g3 e5 6. Be3 Be7 7. h3 Qc7 8. Bg2
Nf8 9. Nge2 Bd7 10. O-O Qc8 11. Kh2 h5 12. f3 Ng6 13. b3 Nh7 14. f4 exf4 15.
Nxf4 Nxf4 16. gxf4 Nf8 17. f5 Qd8 18. Bf4 g5 19. Bg3 h4 20. Bf2 Nh7 21. Qd3 Qc7
22. Kg1 Nf6 23. e5 dxe5 24. dxe5 Nh5 25. e6 fxe6 26. fxe6 Bxe6 27. Qe4 Nf4 28.
Bd4 Rf8 29. Be5 Qc8 30. Bxf4 gxf4 31. Rae1 Rf6 32. Qh7 Qd7 33. Qh8+ Rf8 34. Qe5
Rf6 35. Rxf4 Rxf4 36. Qxf4 Bxh3 37. Qxh4 Bxg2 38. Kxg2 O-O-O 39. Rxe7 Rg8+ 40.
Kf3 Rf8+ 41. Ke2 Qf5 42. Ne4 Qf1+ 43. Ke3 Qc1+ 44. Nd2 Qg1+ 45. Ke2 Rd8 46.
Qh3+ Kb8 47. Qe3 Qh2+ 48. Kd1 Qh1+ 49. Qe1 Qf3+ 50. Kc1 Qg2 51. Re2 Qg7 52. Kb1
a6 53. Re8 Ka7 54. Qe3+ Ka8 55. Nc4 Qf7 56. a5 Kb8 57. Qe5+ Ka7 58. Qd4+ c5 59.
Qxc5+ Kb8 1-0

[Event "LGA Premium Cup"]
[Site "schach.lga.de"]
[Date "2004.09.11"]
[Round "2"]
[White "Schneider, David"]
[Black "Klein, Waldemar"]
[Result "1/2-1/2"]
[WhiteElo "2092"]
[BlackElo "2010"]
[PlyCount "41"]
[EventDate "2004.09.11"]
[SourceDate "2004.09.10"]

1. e4 c6 2. d4 g6 3. Nf3 d5 4. exd5 cxd5 5. c4 Nf6 6. Nc3 Bg7 7. Qb3 dxc4 8.
Bxc4 O-O 9. Ne5 e6 10. Be3 Nc6 11. Nxc6 bxc6 12. O-O Nd5 13. Rfd1 Qb6 14. Na4
Qxb3 15. Bxb3 Rd8 16. Rac1 Bd7 17. Nc5 Be8 18. Nd3 h6 19. h4 Rac8 20. Kf1 Ne7
21. Nc5 1/2-1/2

[Event "LGA Premium Cup"]
[Site "schach.lga.de"]
[Date "2004.09.11"]
[Round "2"]
[White "Seidel, Michael"]
[Black "Schmid, Dominik"]
[Result "1/2-1/2"]
[WhiteElo "2085"]
[BlackElo "1877"]
[PlyCount "51"]
[EventDate "2004.09.11"]
[SourceDate "2004.09.10"]

1. e4 c6 2. d4 d5 3. exd5 cxd5 4. c4 Nf6 5. Nc3 e6 6. Nf3 Be7 7. Bd3 b6 8. O-O
Bb7 9. Qe2 dxc4 10. Bxc4 Nd5 11. Bxd5 Nc6 12. Ne5 Rc8 13. Qc4 Qd6 14. Ne4 Qc7
15. Bd2 O-O 16. Nxc6 Bxc6 17. Rac1 Bxd5 18. Qb5 Qb7 19. a3 Rxc1 20. Rxc1 Rc8
21. Rxc8+ Qxc8 22. Qa4 h6 23. h3 a6 24. Nc3 b5 25. Nxd5 exd5 26. Qd1 1/2-1/2

[Event "LGA Premium Cup"]
[Site "schach.lga.de"]
[Date "2004.09.11"]
[Round "2"]
[White "Trapp, Robert"]
[Black "Birkmann, Günther"]
[Result "1-0"]
[WhiteElo "2006"]
[BlackElo "2070"]
[PlyCount "69"]
[EventDate "2004.09.11"]
[SourceDate "2004.09.10"]

1. f4 g6 2. Nf3 Bg7 3. d4 d6 4. e4 Nd7 5. Bc4 e6 6. O-O Ne7 7. e5 d5 8. Bd3 h5
9. b4 a5 10. b5 c5 11. a4 cxd4 12. Bb2 Nc5 13. Nxd4 Nf5 14. Bxf5 gxf5 15. Nd2
Ne4 16. c4 Nxd2 17. Qxd2 dxc4 18. Rac1 b6 19. Rxc4 Bb7 20. Qe2 Bf8 21. Rd1 Bc5
22. Rxc5 bxc5 23. Nxe6 fxe6 24. Rxd8+ Rxd8 25. Ba3 Rd4 26. Qe3 Kf7 27. Bxc5 Rc8
28. Bxd4 Rc4 29. Bc3 Rxa4 30. Qf3 Kg6 31. Qg3+ Kh7 32. Qg5 Ra1+ 33. Kf2 Ra2+
34. Ke3 Rxg2 35. Qxh5+ 1-0

[Event "LGA Premium Cup"]
[Site "schach.lga.de"]
[Date "2004.09.11"]
[Round "2"]
[White "Pühn, Georg"]
[Black "Weiß, Markus"]
[Result "1/2-1/2"]
[WhiteElo "2066"]
[BlackElo "1838"]
[PlyCount "54"]
[EventDate "2004.09.11"]
[SourceDate "2004.09.10"]

1. e4 e6 2. d3 d5 3. Nd2 Nf6 4. Ngf3 Nc6 5. c3 dxe4 6. dxe4 Bc5 7. Be2 O-O 8.
O-O e5 9. Qc2 a5 10. Nc4 Qe7 11. a4 h6 12. Be3 Bxe3 13. Nxe3 Bg4 14. h3 Be6 15.
Rfd1 Qc5 16. Nd2 Rad8 17. b3 Nd7 18. Bc4 Bxc4 19. Ndxc4 Nb6 20. Nxb6 Qxb6 21.
Nd5 Qc5 22. Qb2 Ne7 23. b4 axb4 24. cxb4 Qd6 25. Rac1 c6 26. Ne3 Qe6 27. Qc3
Ng6 1/2-1/2

[Event "LGA Premium Cup"]
[Site "schach.lga.de"]
[Date "2004.09.11"]
[Round "2"]
[White "Zeitler, Hans-Jürgen"]
[Black "Vogiatzis, Dimitrios"]
[Result "1/2-1/2"]
[WhiteElo "1870"]
[BlackElo "2065"]
[PlyCount "118"]
[EventDate "2004.09.11"]
[SourceDate "2004.09.10"]

1. d4 f5 2. c4 Nf6 3. Nf3 e6 4. g3 d5 5. Bg2 c6 6. O-O Bd6 7. b3 Qe7 8. Bb2 a5
9. Nbd2 O-O 10. Ne5 Nbd7 11. Qc2 Ne4 12. e3 Qf6 13. Nxd7 Bxd7 14. f3 Nxd2 15.
Qxd2 Qh6 16. Qe2 Qh5 17. Rae1 a4 18. c5 Bc7 19. b4 a3 20. Bc1 b6 21. cxb6 Bxb6
22. f4 Qxe2 23. Rxe2 Rfb8 24. Rc2 Bd8 25. Bd2 Be7 26. Rb1 Rb6 27. Bf1 Kf7 28.
Rb3 Ra4 29. Bd3 Bd6 30. Rc1 Bxb4 31. Bxb4 Rbxb4 32. Rxb4 Rxb4 33. Rc3 Ra4 34.
Kf2 Ke7 35. Ke2 Rb4 36. Rxa3 Rb2+ 37. Kf1 Rxh2 38. Ra7 Kd6 39. a4 Rb2 40. a5
Rb8 41. a6 h6 42. Ke1 g5 43. Rb7 Rxb7 44. axb7 Kc7 45. Ba6 g4 46. Kd2 c5 47.
dxc5 Bc6 48. b8=Q+ Kxb8 49. Kc3 Kc7 50. Kd4 Kd7 51. Ke5 Ke7 52. Bf1 h5 53. Ba6
Be8 54. Bf1 Ba4 55. Ba6 Be8 56. Bf1 h4 57. gxh4 g3 58. Bg2 Bc6 59. Bf1 Bb5
1/2-1/2

[Event "LGA Premium Cup"]
[Site "schach.lga.de"]
[Date "2004.09.11"]
[Round "2"]
[White "Yin, Zixiao"]
[Black "Schlötterer, Hermann"]
[Result "1/2-1/2"]
[WhiteElo "1683"]
[BlackElo "2049"]
[PlyCount "83"]
[EventDate "2004.09.11"]
[SourceDate "2004.09.10"]

1. b4 e6 2. Bb2 Nf6 3. b5 a6 4. a4 axb5 5. axb5 Rxa1 6. Bxa1 c6 7. c4 Be7 8.
Nf3 cxb5 9. cxb5 d5 10. e3 Nbd7 11. Be2 O-O 12. O-O Ne8 13. Nc3 Nd6 14. Qc2 f5
15. Rc1 Nb6 16. Ne5 Nf7 17. Na4 Ba3 18. Nxf7 Kxf7 19. Qc3 Qe7 20. Qxg7+ Ke8 21.
Qxe7+ Kxe7 22. Rc3 Nxa4 23. Rxa3 Nb6 24. Bd4 Nd7 25. f4 Kd6 26. Bc3 Kc7 27. Kf2
b6 28. g4 Nc5 29. Be5+ Kb7 30. d3 Bd7 31. Bd6 Rf7 32. Bxc5 bxc5 33. gxf5 Rxf5
34. Bg4 Rf6 35. Ra6 Rh6 36. h3 Rg6 37. Kg3 Bxb5 38. Rxe6 Bxd3 39. Re7+ Kb6 40.
f5 Rf6 41. Re6+ Rxe6 42. fxe6 1/2-1/2

[Event "LGA Premium Cup"]
[Site "schach.lga.de"]
[Date "2004.09.11"]
[Round "2"]
[White "Röber, Jürgen"]
[Black "Brassat, Jürgen"]
[Result "1-0"]
[WhiteElo "2047"]
[BlackElo "1674"]
[PlyCount "63"]
[EventDate "2004.09.11"]
[SourceDate "2004.09.10"]

1. e4 c5 2. c3 Nf6 3. e5 Ne4 4. d4 e6 5. Nf3 cxd4 6. cxd4 b6 7. Nc3 Nxc3 8.
bxc3 Bb7 9. Bd3 Qc7 10. Bd2 d6 11. O-O Nd7 12. Ng5 dxe5 13. Qh5 g6 14. Qh3 Be7
15. Rfe1 exd4 16. Nxf7 Rf8 17. Qxe6 Rxf7 18. Bc4 Rg7 19. Bh6 Nc5 20. Qf6 O-O-O
21. Qxg7 Qc6 22. f3 Bf6 23. Qf7 dxc3 24. Be6+ Nxe6 25. Qxe6+ Qxe6 26. Rxe6 c2
27. Rc1 Rd1+ 28. Kf2 Bd4+ 29. Kg3 Rxc1 30. Bxc1 Bd5 31. Re2 b5 32. Rxc2+ 1-0

[Event "LGA Premium Cup"]
[Site "schach.lga.de"]
[Date "2004.09.11"]
[Round "2"]
[White "Vogiatzis, Joannis"]
[Black "Hamelrath, Edward"]
[Result "1/2-1/2"]
[WhiteElo "2046"]
[BlackElo "1443"]
[PlyCount "99"]
[EventDate "2004.09.11"]
[SourceDate "2004.09.10"]

1. Nf3 Nf6 2. b3 g6 3. Bb2 Bg7 4. e3 O-O 5. c4 d6 6. d3 Nc6 7. a3 e5 8. Qc2 Nh5
9. Nc3 f5 10. Nd5 Ne7 11. Nc3 Nf6 12. Be2 h6 13. b4 Bd7 14. Rc1 c6 15. O-O Ne8
16. d4 e4 17. Nd2 d5 18. f4 Nf6 19. Nb3 b6 20. a4 Kh7 21. c5 h5 22. Qd2 Rh8 23.
Ba3 Ng4 24. h3 Nf6 25. Qe1 Kg8 26. Qh4 Kf7 27. Ba6 Nfg8 28. Rc2 Bf6 29. Qe1 h4
30. Qf2 Bg7 31. Rb1 Nf6 32. Bf1 Neg8 33. b5 Nh5 34. Nc1 Ng3 35. N1e2 Nxe2+ 36.
Bxe2 Bf6 37. Bf1 Be7 38. Qe1 Nf6 39. Qc1 Nh5 40. Ne2 Rh7 41. cxb6 Bxa3 42. Qxa3
cxb5 43. b7 Rb8 44. Qd6 Nf6 45. Rc7 Rh8 46. Nc3 Qe7 47. Nxb5 Qxd6 48. Nxd6+ Ke7
49. Nb5 Ne8 50. Rc5 1/2-1/2

[Event "LGA Premium Cup"]
[Site "schach.lga.de"]
[Date "2004.09.11"]
[Round "2"]
[White "Kretschmer, Lorenz"]
[Black "Sörgel, Frank"]
[Result "1/2-1/2"]
[WhiteElo "1626"]
[BlackElo "2138"]
[PlyCount "27"]
[EventDate "2004.09.11"]
[SourceDate "2004.09.10"]

1. c4 Nf6 2. Nc3 e5 3. g3 d5 4. cxd5 Nxd5 5. Bg2 Nb6 6. Nf3 Nc6 7. d3 Be7 8.
O-O O-O 9. a3 a5 10. Re1 Be6 11. Na4 Nxa4 12. Qxa4 Rb8 13. Bd2 Ra8 14. Rac1
1/2-1/2

[Event "LGA Premium Cup"]
[Site "schach.lga.de"]
[Date "2004.09.11"]
[Round "2"]
[White "Sarec, Ivica"]
[Black "Zier, Verena"]
[Result "0-1"]
[WhiteElo "2038"]
[BlackElo "1572"]
[PlyCount "120"]
[EventDate "2004.09.11"]
[SourceDate "2004.09.10"]

1. c4 e6 2. d4 d5 3. Nc3 Be7 4. Nf3 Nf6 5. g3 O-O 6. Bg2 dxc4 7. Qa4 a6 8. Qxc4
Nbd7 9. a3 Nb6 10. Qb3 Nfd5 11. e4 Nf6 12. h3 Bd7 13. Be3 Qe8 14. O-O Bb5 15.
Nxb5 Qxb5 16. Qxb5 axb5 17. Nd2 Rfd8 18. Rac1 Rac8 19. b4 Nbd7 20. Rc3 c6 21.
Rfc1 Ra8 22. f4 Ra6 23. Rb3 Rda8 24. Rcc3 Bd8 25. g4 Bb6 26. Bf3 h6 27. Kf2 Kf8
28. g5 hxg5 29. fxg5 Ne8 30. Be2 Nd6 31. h4 g6 32. Kf3 Ke7 33. Kg4 Rh8 34. Bf2
e5 35. Rd3 Nc4 36. Nf3 exd4 37. Bxd4 Bxd4 38. Rxd4 Nxa3 39. Kf4 Nb6 40. Kg4
Nac4 41. h5 Rxh5 42. Nh4 Rh8 43. Rh3 Raa8 44. Rd1 Rad8 45. Rb1 Rhe8 46. Kg3 Rd4
47. Bg4 Rxe4 48. Nf3 Ne5 49. Nxe5 Rxe5 50. Kf4 Rd5 51. Re1+ Kd8 52. Rxe8+ Kxe8
53. Rh8+ Ke7 54. Rb8 Rd4+ 55. Kf3 Nd5 56. Rxb7+ Kf8 57. Rb8+ Kg7 58. Rb7 Rxb4
59. Be6 Rf4+ 60. Ke2 Re4+ 0-1

[Event "LGA Premium Cup"]
[Site "schach.lga.de"]
[Date "2004.09.11"]
[Round "2"]
[White "Grasser, Stefan"]
[Black "Corral, Carlos"]
[Result "0-1"]
[WhiteElo "1679"]
[BlackElo "1842"]
[PlyCount "128"]
[EventDate "2004.09.11"]
[SourceDate "2004.09.10"]

1. d4 Nf6 2. c4 e6 3. Nc3 Bb4 4. Nf3 O-O 5. Qc2 Bxc3+ 6. bxc3 d6 7. e4 e5 8. d5
b6 9. h3 a5 10. Be2 Nbd7 11. Be3 Re8 12. Nd2 Nc5 13. Bxc5 dxc5 14. Rd1 Qe7 15.
O-O Bd7 16. Nb1 Rf8 17. Na3 Ne8 18. Nb5 Bxb5 19. cxb5 Nd6 20. c4 g6 21. Bd3
Rae8 22. Rde1 Qh4 23. Qd2 f5 24. f3 f4 25. Qf2 Qg5 26. Kh2 Re7 27. Rh1 Ne8 28.
h4 Qh6 29. Kg1 Nf6 30. Rd1 Nh5 31. Bf1 Rf6 32. Rd3 Ng3 33. Rh3 Qf8 34. Qd2 Rd6
35. a4 h6 36. Kf2 Qf6 37. Qd1 g5 38. hxg5 hxg5 39. Ke1 Rh7 40. Kd2 Qe7 41. Kc2
Kf8 42. Rd2 Ke8 43. Qe1 Kd7 44. Qf2 Rdh6 45. Rd1 Kd6 46. Kd2 Qd7 47. Rxh6+ Rxh6
48. Bd3 Qh7 49. Rg1 Rh1 50. Qe1 Qh2 51. Rxh1 Qxg2+ 52. Kc3 Nxh1 53. Qf1 Qh2 54.
Qe2 Qh4 55. Qf1 Ng3 56. Qg2 Ke7 57. Bf1 Kf6 58. Qh3 Qxh3 59. Bxh3 Kg6 60. Kd3
Kh5 61. Bg4+ Kh4 62. Kd2 Nxe4+ 63. Kd3 Nf2+ 64. Kd2 Nxg4 0-1

[Event "LGA Premium Cup"]
[Site "schach.lga.de"]
[Date "2004.09.11"]
[Round "2"]
[White "Lowitz, Torsten"]
[Black "Küffner, Christian"]
[Result "1-0"]
[WhiteElo "2134"]
[BlackElo "1490"]
[PlyCount "113"]
[EventDate "2004.09.11"]
[SourceDate "2004.09.10"]

1. e4 e5 2. Nf3 Nf6 3. Nxe5 d6 4. Nf3 Nxe4 5. Bd3 d5 6. Nc3 Nxc3 7. dxc3 Bc5 8.
O-O O-O 9. h4 Bg4 10. Be2 Bxf3 11. Bxf3 c6 12. h5 h6 13. Bf4 Nd7 14. Qd3 Nf6
15. c4 dxc4 16. Qxc4 Qd4 17. Qxd4 Bxd4 18. c3 Bb6 19. Rfe1 Rfe8 20. Kf1 Rad8
21. Rxe8+ Rxe8 22. Re1 Rxe1+ 23. Kxe1 Kf8 24. Bd6+ Ke8 25. Ke2 g6 26. g4 Bd8
27. c4 Be7 28. Bf4 g5 29. Be3 a6 30. Kd3 Kd7 31. Be4 Nxe4 32. Kxe4 Ke6 33. Bd4
f6 34. c5 Bd8 35. Be3 Bc7 36. f4 Bxf4 37. Bxf4 gxf4 38. Kxf4 Ke7 39. Kf5 Kf7
40. b4 Ke7 41. Kg6 Ke6 42. Kxh6 Kd5 43. Kg6 a5 44. a3 axb4 45. axb4 Kc4 46. h6
Kxb4 47. h7 Kxc5 48. h8=Q b5 49. Qxf6 b4 50. Kf5 Kb5 51. Ke4 c5 52. Qe5 b3 53.
Kd3 Kb4 54. Qc3+ Kb5 55. Qxb3+ Kc6 56. Ke4 c4 57. Qxc4+ 1-0

[Event "LGA Premium Cup"]
[Site "schach.lga.de"]
[Date "2004.09.11"]
[Round "2"]
[White "Wagner, Florian"]
[Black "Hennemann, Herbert"]
[Result "1-0"]
[WhiteElo "2000"]
[BlackElo "1546"]
[PlyCount "83"]
[EventDate "2004.09.11"]
[SourceDate "2004.09.10"]

1. e4 e6 2. d3 c5 3. g3 Nc6 4. Bg2 d5 5. Nd2 Nf6 6. Ngf3 e5 7. O-O Be7 8. exd5
Nxd5 9. Nc4 f6 10. Ne3 Be6 11. c3 Qc7 12. Nxd5 Bxd5 13. Nh4 Be6 14. f4 O-O-O
15. Qe2 Bd6 16. f5 Bf7 17. Be3 Ne7 18. Kh1 Kb8 19. Bg1 Nd5 20. Rfd1 Nb6 21. c4
g5 22. Nf3 h5 23. Nd2 h4 24. g4 Nc8 25. Ne4 Be7 26. Qe3 Rd4 27. Qf3 Rd7 28.
Rac1 Rhd8 29. Rc3 Nb6 30. Ra1 Na4 31. Rb3 Nb6 32. a4 Nxc4 33. dxc4 Bxc4 34. Rc3
Bd5 35. Qe3 Bxe4 36. Qxe4 Rd5 37. Rac1 Rd1 38. b4 R1d4 39. Bxd4 exd4 40. Rd3
Rc8 41. bxc5 Bd6 42. Rb3 1-0

[Event "LGA Premium Cup"]
[Site "schach.lga.de"]
[Date "2004.09.11"]
[Round "2"]
[White "Weiß, Michael"]
[Black "Zeug, Klaus-Peter"]
[Result "1-0"]
[WhiteElo "1935"]
[BlackElo "1510"]
[PlyCount "73"]
[EventDate "2004.09.11"]
[SourceDate "2004.09.10"]

1. d4 d5 2. Nf3 c6 3. c4 Nf6 4. Nc3 dxc4 5. a4 Bf5 6. e3 e6 7. Bxc4 Bb4 8. O-O
O-O 9. Qe2 Bg4 10. h3 Bh5 11. Rd1 Qc7 12. e4 Nbd7 13. Bg5 Qa5 14. e5 Nd5 15.
Ne4 f6 16. exf6 N7xf6 17. Nxf6+ gxf6 18. Bh6 Rfe8 19. Rd3 Bf8 20. Bxf8 Kxf8 21.
Qd1 Qc7 22. Bxd5 exd5 23. Qd2 Qg7 24. Nh4 Re2 25. Qb4+ Qe7 26. Rb3 Qxb4 27.
Rxb4 Re4 28. Nf5 Bg6 29. Nd6 Re7 30. a5 a6 31. Rxb7 Rxb7 32. Nxb7 Rb8 33. Nc5
Rxb2 34. Nxa6 Bd3 35. Nc5 Bb5 36. a6 Bxa6 37. Rxa6 1-0

[Event "LGA Premium Cup"]
[Site "schach.lga.de"]
[Date "2004.09.11"]
[Round "2"]
[White "Niederkleine, Ingmar"]
[Black "Werner, Thomas"]
[Result "1/2-1/2"]
[WhiteElo "1577"]
[BlackElo "1837"]
[PlyCount "103"]
[EventDate "2004.09.11"]
[SourceDate "2004.09.10"]

1. d4 d5 2. Nc3 Bg4 3. Bf4 c6 4. h3 Bh5 5. g4 Bg6 6. Nf3 f6 7. e3 e6 8. Bd3
Bxd3 9. Qxd3 Bd6 10. O-O-O Qc7 11. Bxd6 Qxd6 12. Rhe1 Nd7 13. e4 O-O-O 14. exd5
exd5 15. Re3 Ne7 16. Rde1 Ng6 17. Qf5 Qf4 18. Ne2 Qh6 19. g5 Qh5 20. Ng3 Nh4
21. Qxd7+ Rxd7 22. Nxh5 Nxf3 23. Rxf3 fxg5 24. Rfe3 Kd8 25. Kd2 Rf8 26. f3 g6
27. Ng3 Rf4 28. c3 Rdf7 29. Ke2 h5 30. Rf1 Rh4 31. Rh1 Rhf4 32. Rf1 Rh4 33. Rh1
Rhf4 34. Nf1 g4 35. hxg4 hxg4 36. Nh2 gxf3+ 37. Nxf3 R4f6 38. Rh8+ Kc7 39. Rhe8
Kd7 40. Ra8 Kc7 41. Rxa7 Kb8 42. Ra3 g5 43. b4 g4 44. Ne5 Rf2+ 45. Kd3 R7f4 46.
Rg3 Re4 47. Nxg4 Rb2 48. Ne3 Re7 49. Rg2 Rxe3+ 50. Kxe3 Rxg2 51. Kd3 b5 52. Ra5
1/2-1/2

[Event "LGA Premium Cup"]
[Site "schach.lga.de"]
[Date "2004.09.11"]
[Round "2"]
[White "Trapp, Maximilian"]
[Black "Bildt, Maximilian"]
[Result "1-0"]
[WhiteElo "1815"]
[BlackElo "1462"]
[PlyCount "43"]
[EventDate "2004.09.11"]
[SourceDate "2004.09.10"]

1. f4 d5 2. Nf3 c5 3. e3 Nf6 4. b3 e6 5. Bb2 Be7 6. Bb5+ Bd7 7. Bxd7+ Nbxd7 8.
d3 O-O 9. O-O Rc8 10. Nbd2 Qb6 11. Qe1 Qc6 12. Qg3 Nh5 13. Qh3 Bf6 14. Ne5 Bxe5
15. fxe5 g6 16. g4 Ng7 17. Qh6 d4 18. Ne4 f6 19. exf6 Ne8 20. f7+ Rxf7 21. Rxf7
Kxf7 22. Qxh7+ 1-0